The Pharaoh's kitchen : recipes from Ancient Egypt's enduring food traditions /

"Judging from the evidence available from depictions of daily life on tombs and in historical texts, the ancient Egyptians were just as enthusiastic about good food and generous hospitality as are their descendants today. Magda Mehdawy and Amr Hussein have done extensive research on the cultiva...

وصف كامل

محفوظ في:

المؤلفون الرئيسيون: Mehdawy, Magda (مؤلف), Hussein, Amr (مؤلف)

التنسيق: كتاب

اللغة: English

منشور في: Cairo : The American University in Cairo Press, 2016.

الموضوعات:

الوسوم: إضافة وسم

لا توجد وسوم, كن أول من يضع وسما على هذه التسجيلة!

رقم الطلب: TX725 .E35 M44 2016

LEADER 02117nam a22003137a 4500
003 OSt
005 20251222085205.0
008 251222t20162010ua a b 001 0 eng d
020 |a 9789774168130 
020 |a 9774168135 
035 |a (OCoLC)1158891957 
040 |c ARCE Library 
043 |a f-ua--- 
050 1 4 |a TX725 .E35  |b M44 2016 
100 1 |a Mehdawy, Magda,   |e author 
245 1 4 |a The Pharaoh's kitchen :   |b recipes from Ancient Egypt's enduring food traditions /   |c Magda Mehdawy, Amr Hussein. 
264 1 |a Cairo :  |b The American University in Cairo Press,  |c 2016. 
300 |a x, 161 pages :   |b illustrations (some color) ;   |c 24 cm. 
500 |a Originally published: 2010. 
504 |a Includes bibliographical references (pages 155-157) and index. 
520 |a "Judging from the evidence available from depictions of daily life on tombs and in historical texts, the ancient Egyptians were just as enthusiastic about good food and generous hospitality as are their descendants today. Magda Mehdawy and Amr Hussein have done extensive research on the cultivation, gathering, preparation, and presentation of food in ancient Egypt and have developed nearly a hundred recipes that will be perfectly recognizable to anyone familiar with modern Egyptian food. Beautifully illustrated with scenes from tomb reliefs, objects and artifacts in museum exhibits, and modern photographs, the recipes are accompanied by explanatory material that describes the ancient home and kitchen, cooking vessels and methods, table manners and etiquette, banquets, beverages, and ingredients. Traditional feasts and religious occasions with their own culinary traditions are described, including some that are still celebrated today. A glossary of ingredients and place names provides a useful guide to unfamiliar terms"--Provided by publisher. 
650 0 |a Cooking, Egyptian. 
650 0 |a Food  |z Egypt  |x History  |y To 1500. 
650 0 |a Food habits  |z Egypt  |x History  |y To 1500. 
651 0 |a Egypt  |x Civilization  |y To 332 B.C. 
700 1 |a Hussein, Amr,  |e author 
901 |a reviewed 
942 |2 lcc  |c BK 
999 |c 59102  |d 59102